Statistics for Parishes of Andorra Map Quiz

Click here to take the quiz!

General Stats

  • This quiz has been taken 377 times
  • The average score is 4 of 7

Answers on the Map

Answers color-coded by a green-red scale on the quiz's map according to % correct below.
 

Answer Stats

Answer% Correct
Andorra la Vella
85%
Sant Julià de Lòria
56%
Encamp
55%
Escaldes-Engordany
51%
La Massana
51%
Canillo
49%
Ordino
48%

Score Distribution

Percentile by Number Answered

Percent of People with Each Score

Your Score History

You have not taken this quiz